[Event "Mumbai Mayors Cup 1st"]
[Site "Mumbai"]
[Date "2008.05.17"]
[Round "9"]
[White "Preethi, Rajkumar"]
[Black "Gadekar, Sagar"]
[Result "1/2-1/2"]
[WhiteElo "2180"]
[BlackElo "1965"]
[PlyCount "66"]
[EventDate "2008.05.11"]
[EventType "swiss"]
[EventRounds "11"]
[EventCountry "IND"]
[SourceTitle "CBM 124 Extra"]
[Source "ChessBase"]
[SourceDate "2008.07.03"]
[SourceVersion "1"]
[SourceVersionDate "2008.07.03"]
[SourceQuality "1"]

1. e4 e5 2. Nf3 Nc6 3. Bc4 Be7 4. d4 d6 5. 0-0 Nf6 6. Nc3 0-0 7. h3 Nxe4 8. Nxe4 d5 9. Bxd5 Qxd5 10. Nc3 Qa5 11. dxe5 Nxe5 12. Nxe5 Qxe5 13. Re1 Qd6 14. Qf3 Bd8 15. Be3 Bd7 16. Rad1 Qc6 17. Qg3 Bf5 18. Bd4 Bg6 19. Rd2 Rc8 20. Re3 Qd6 21. Qxd6 cxd6 22. f4 Ba5 23. a3 Bxc3 24. Bxc3 Rc4 25. g3 Re4 26. Rf3 f5 27. Rxd6 Be8 28. Rfd3 Re2 29. Rd2 Re1+ 30. Kf2 Rh1 31. Kg2 Re1 32. Kf2 Rh1 33. Kg2 Re1 1/2-1/2